¡Infanteria española! : (Record no. 194546)
[ view plain ]
| 000 -LEADER | |
|---|---|
| campo de control de longitud fija | 02299nam a2200325 4500 |
| 001 - NÚMERO DE CONTROL | |
| campo de control | 194546 |
| 003 - IDENTIFICADOR DE NÚMERO DE CONTROL | |
| campo de control | ES-MaACL |
| 005 - FECHA Y HORA DE LA ÚLTIMA TRANSACCIÓN | |
| campo de control | 20250711063124.0 |
| 007 - CAMPO FIJO DE DESCRIPCIÓN FÍSICA--INFORMACIÓN GENERAL | |
| campo de control de longitud fija | ta |
| 008 - DATOS DE LONGITUD FIJA--INFORMACIÓN GENERAL | |
| campo de control de longitud fija | 240506b sp ||||| |||| 00| 0 spa d |
| 020 ## - NÚMERO INTERNACIONAL ESTÁNDAR DEL LIBRO | |
| Número Internacional Estándar del Libro | 9798867873288 |
| 040 ## - FUENTE DE CATALOGACIÓN | |
| Lengua de catalogación | spa |
| Centro/agencia transcriptor | ES-MaACL |
| 100 ## - ENTRADA PRINCIPAL--NOMBRE DE PERSONA | |
| Nombre de persona | Estévez Payeras, José Manuel |
| 9 (RLIN) | 236198 |
| 245 11 - MENCIÓN DEL TÍTULO | |
| Título | ¡Infanteria española! : |
| Resto del título | 21 relatos de combate en el frente del Este, cada soldado tiene su historia / |
| Mención de responsabilidad, etc. | José M. Estévez Payeras. |
| 260 ## - PUBLICACIÓN, DISTRIBUCIÓN, ETC. | |
| Lugar de publicación, distribución, etc. | [S.l.] : |
| Nombre del editor, distribuidor, etc. | [s.n.], |
| Fecha de publicación, distribución, etc. | [2023] |
| 300 ## - DESCRIPCIÓN FÍSICA | |
| Extensión | 272 p. ; |
| Dimensiones | 23 cm. |
| 336 ## - TIPO DE CONTENIDO | |
| Fuente | rdacontent |
| Término de tipo de contenido | texto |
| 337 ## - TIPO DE MEDIO | |
| Fuente | rdamedia |
| Nombre/término del tipo de medio | sin mediación |
| 338 ## - TIPO DE SOPORTE | |
| Fuente | rdacarrier |
| Nombre/término del tipo de soporte | volumen |
| 520 ## - RESUMEN, ETC. | |
| Sumario, etc. | Un héroe condenado por deserción, un cabo salido de un seminario, un grupo de mineros que dejan la barrena para empuñar un fusil, un prisionero de guerra en el gulag, un laureado al que se le pierde la pista…Veintiún relatos reales de soldados de Infantería encuadrados en un mismo batallón, desplegado en Rusia durante la Segunda Guerra Mundial.<br/>Cara a cara, cuerpo a cuerpo. Matar o morir. Así es la guerra de los infantes, de los que cambian y dibujan de nuevo las líneas de contacto en los mapas de operaciones. Son ellos los que, al final, ponen rostro al enemigo, sienten su aliento, hacen de la lucha algo personal mientras perciben como una bayoneta serpentea hacia el vientre propio o la culata de un fusil dibuja un arco sobre su casco.<br/>El autor de “Solo muere el olvidado” profundiza en las vidas y anhelos de algunos de sus protagonistas buscando el alma de la mejor Infantería del mundo. Sus comportamientos en combate entroncan con la mejor tradición del soldado español de todos los tiempos. |
| 650 #4 - PUNTO DE ACCESO ADICIONAL DE MATERIA--TÉRMINO DE MATERIA | |
| 9 (RLIN) | 13254 |
| Término de materia o nombre geográfico como elemento de entrada | Guerra mundial, 1939-1945- |
| Subdivisión de forma | Relatos personales |
| 655 #4 - TERMINO DE INDIZACIÓN--GENERO/FORMA | |
| Datos o término principal de género/forma | Relatos personales |
| 9 (RLIN) | 236197 |
| 852 ## - LOCALIZACIÓN | |
| Ubicación | Es-MaACL |
| Sublocalización o colección | R.155095 |
| Ubicación en estantería | Depósito J |
| Número de control de estantería | N-9875 |
| Donativo/Legado | Donación: José Manuel Estévez Payeras |
| itemnumber | 202159 |
| Anotaciones manuscritas | Dedicatoria autógrafa del autor |
| Encuadernación | Encuadernación rústica |
| 903 ## - NOMBRE PERSONAL DE DONANTE | |
| a | Estévez Payeras, José Manuel |
| 942 ## - ELEMENTOS DE ENTRADA SECUNDARIOS (KOHA) | |
| Suprimir en OPAC | No |
| Tipo de ítem Koha | Libro impreso |
| Estatus retirado | Estado de pérdida | Fuente del sistema de clasificación o colocación | Estado de daño | No para préstamo | Colección | Biblioteca de origen | Biblioteca actual | Ubicación en estantería | Fecha de adquisición | Fuente de adquisición | Total de préstamos | Signatura topográfica completa | Código de barras | Visto por última vez | Precio de reemplazo | Tipo de ítem Koha | Nota pública |
|---|---|---|---|---|---|---|---|---|---|---|---|---|---|---|---|---|---|
| Clasificación decimal universal | Libros con dedicatorias | Biblioteca del Ateneo de Madrid | Biblioteca del Ateneo de Madrid | Depósito J | 06/05/2024 | Donación | N-9875 | 101227228 | 06/05/2024 | 06/05/2024 | Libro impreso | Dedicatoria autógrafa del autor |
